Свадебный подарок, или На черный день: повести

מידע ביבליוגרפי
מחבר ראשי: Рольникайте М. Г. Мария Григорьевна
סיכום:Исключено из фонда НТБ ТПУ
שפה:רוסית
יצא לאור: Ленинград, Советский писатель, 1990
פורמט: MixedMaterials ספר
KOHA link:https://koha.lib.tpu.ru/cgi-bin/koha/opac-detail.pl?biblionumber=148225

MARC

LEADER 00000nam0a2200000 4500
001 148225
005 20231031145407.0
010 |a 5265011811 
035 |a (RuTPU)RU\TPU\book\160679 
090 |a 148225 
100 |a 20081127d1990 m y0rusy50 ca 
101 0 |a rus 
102 |a RU 
105 |a y z 000ay 
200 1 |a Свадебный подарок, или На черный день  |e повести  |f М. Г. Рольникайте 
210 |a Ленинград  |c Советский писатель  |d 1990 
215 |a 400 с. 
333 |a Исключено из фонда НТБ ТПУ 
700 1 |a Рольникайте  |b М. Г.  |g Мария Григорьевна 
801 1 |a RU  |b 63413507  |c 20081127  |g PSBO 
801 2 |a RU  |b 63413507  |c 20220516  |g RCR 
942 |c BK